Memorias de mi vida / (Record no. 91839)

MARC details
000 -LEADER
campo de control de longitud fija 00757nam a2200241 i 4500
001 - NÚMERO DE CONTROL
campo de control 91839
003 - IDENTIFICADOR DE NÚMERO DE CONTROL
campo de control ES-MaACL
005 - FECHA Y HORA DE LA ÚLTIMA TRANSACCIÓN
campo de control 20230906180831.0
007 - CAMPO FIJO DE DESCRIPCIÓN FÍSICA--INFORMACIÓN GENERAL
campo de control de longitud fija t|
008 - DATOS DE LONGITUD FIJA--INFORMACIÓN GENERAL
campo de control de longitud fija 050223s2004 sp ||||1| spa d
020 ## - NÚMERO INTERNACIONAL ESTÁNDAR DEL LIBRO
Número Internacional Estándar del Libro 84-9756-207-0
080 ## - NÚMERO DE LA CLASIFICACIÓN DECIMAL UNIVERSAL
Número de la Clasificación Decimal Universal 929 De Chirico, Giorgio
100 1# - ENTRADA PRINCIPAL--NOMBRE DE PERSONA
Nombre de persona De Chirico, Giorgio.
9 (RLIN) 43042
245 10 - MENCIÓN DEL TÍTULO
Título Memorias de mi vida /
Mención de responsabilidad, etc. Giorgio de Chirico ; traducción Sofía Calvo.
260 ## - PUBLICACIÓN, DISTRIBUCIÓN, ETC.
Lugar de publicación, distribución, etc. Madrid :
Nombre del editor, distribuidor, etc. Síntesis,
Fecha de publicación, distribución, etc. [2004]
300 ## - DESCRIPCIÓN FÍSICA
Extensión 335 p., [8] p. de lám. ;
Dimensiones 21 cm.
490 1# - MENCIÓN DE SERIE
Mención de serie El espíritu y la letra ;
Designación de volumen o secuencia 20
504 ## - NOTA DE BIBLIOGRAFÍA, ETC.
Nota de bibliografía, etc. Bibliografía: p. [329]-335.
600 14 - PUNTO DE ACCESO ADICIONAL DE MATERIA--NOMBRE DE PERSONA
Nombre de persona De Chirico, Giorgio.
9 (RLIN) 43042
830 0# - PUNTO DE ACCESO ADICIONAL DE SERIE-TÍTULO UNIFORME
Título uniforme El espíritu y la letra ;
Designación de volumen o secuencia 20
9 (RLIN) 184221
852 ## - LOCALIZACIÓN
Ubicación ES-MaACL
Número de control de estantería L-28877
Sublocalización o colección R.135077
Holdings
Estatus retirado Estado de pérdida Estado de daño No para préstamo Biblioteca de origen Biblioteca actual Ubicación en estantería Fecha de adquisición Fuente de adquisición Total de préstamos Signatura topográfica completa Código de barras Visto por última vez Precio de reemplazo Tipo de ítem Koha
        Biblioteca del Ateneo de Madrid Biblioteca del Ateneo de Madrid Depósito 2 17/01/2008     L-28877 1095890 23/02/2023 23/02/2023 Libro impreso